| 000 | 00845nam a2200229 i 4500 | ||
|---|---|---|---|
| 001 | 39318 | ||
| 003 | ES-MaACL | ||
| 005 | 20230906155938.0 | ||
| 007 | t| | ||
| 008 | 030227s1965 sp ||||1| spa d | ||
| 080 | _a972.91"1939/.."(04) | ||
| 080 | _a32(729.1)"1939/.."(04) | ||
| 100 | 1 |
_aFernández Camus, Emilio. _949541 |
|
| 245 | 1 | 0 |
_aPerfil histórico de una revolución : _bcausas y consecuencas del castrismo-comunismo / _cE.F. Camus. |
| 260 |
_a[Madrid] : _bInstituto de Cooperación Interamericana y Ciencias Sociales, _c[1965] |
||
| 300 |
_a28 p. ; _c21 cm. |
||
| 651 | 4 |
_aCuba- _xHistoria- _y1933-1959. _98097 |
|
| 651 | 4 |
_aCuba- _xPolítica y gobierno- _y1959- _9165118 |
|
| 710 | 2 |
_aInstituto de Cooperación Interamericana y Ciencias Sociales (La Habana) _9173750 |
|
| 852 | 4 |
_aES-MaACL _j2046-F-9 |
|
| 852 | 4 |
_aES-MaACL _j2061-F-24 |
|
| 999 |
_c39318 _d39318 |
||